|
|
|
|
| LEADER |
00000cam a2200000 4500 |
| 001 |
vtls012282504 |
| 003 |
SK-MaSNL |
| 005 |
20260302030146.0 |
| 008 |
250909s2025 xo ob g h 000 1aslo |
| 015 |
|
|
|a SNBA2025/11
|
| 020 |
|
|
|a 9788022217231
|q (viazané)
|
| 040 |
|
|
|a SNK
|b slo
|c SNK
|e rda
|
| 041 |
1 |
|
|a slo
|h eng
|
| 043 |
|
|
|a n-us-az
|
| 044 |
|
|
|a xo
|c SK
|
| 072 |
|
7 |
|a 91
|x Geografia ako veda. Výskum. Cestovanie
|2 konspekt
|
| 072 |
|
7 |
|a 929
|x Biografie
|2 konspekt
|
| 080 |
|
|
|a 910.4-051
|2 2011
|
| 080 |
|
|
|a (0:82-322.6)
|2 2011
|
| 080 |
|
|
|a (0:82-992)
|2 2011
|
| 080 |
|
|
|a (093.3)
|2 2011
|
| 080 |
|
|
|a 910.4:796.5
|2 2011
|
| 080 |
|
|
|a (739.1)
|2 2011
|
| 080 |
|
|
|a 502.2:338.483.11
|2 2011
|
| 100 |
1 |
|
|a Fedarko, Kevin
|4 aut
|9 256909
|
| 240 |
1 |
2 |
|a A walk in the park
|l Slovensky
|
| 245 |
1 |
0 |
|a Prechádzka v parku
|b skutočný príbeh veľkolepého dobrodružstva v Grand Canyone
|c Kevin Fedarko ; z anglického originálu A walk in the park ... preložila Ivana Božiková
|
| 246 |
3 |
0 |
|a Skutočný príbeh veľkolepého dobrodružstva v Grand Canyone
|
| 250 |
|
|
|a Vydanie I.
|
| 264 |
|
1 |
|a Bratislava
|b Tatran
|c 2025
|
| 300 |
|
|
|a 463 strán, 16 nečíslovaných strán obrazových príloh
|b fotografie, mapy
|c 24 cm
|
| 336 |
|
|
|a text
|b txt
|2 rdacontent
|
| 337 |
|
|
|a bez média
|b n
|2 rdamedia
|
| 338 |
|
|
|a zväzok
|b nc
|2 rdacarrier
|
| 500 |
|
|
|a Obsahuje poznámky pod čiarou, sprievodcu pre čitateľov, poznámky ku kapitolám a legendy k mapám
|
| 500 |
|
|
|a Obsahuje profesijné údaje o autorovi na záložke obálky publikácie
|
| 600 |
1 |
7 |
|a Fedarko, Kevin
|2 SNKMA
|9 256909
|
| 650 |
0 |
7 |
|a cestovatelia
|2 SNKPH
|9 58750
|
| 650 |
0 |
7 |
|a prírodné zaujímavosti
|2 SNKPH
|9 67558
|
| 650 |
0 |
7 |
|a Travellers
|2 SNKPHeng
|9 304688
|
| 650 |
0 |
7 |
|a Hiking expeditions
|2 SNKPHeng
|9 508138
|
| 650 |
0 |
7 |
|a Natural sights
|2 SNKPHeng
|9 276256
|
| 650 |
0 |
7 |
|a turistické výpravy
|2 SNKPH
|9 177093
|
| 651 |
|
7 |
|a Grand Canyon National Park (Ariz.)
|2 SNKPHgeo
|9 251604
|
| 651 |
|
7 |
|a Grand Canyon National Park (Ariz.)
|2 SNKPHeng
|9 251604
|
| 655 |
|
7 |
|a autobiografické príbehy
|2 SNKPH
|9 70622
|
| 655 |
|
7 |
|a cestopisy
|2 SNKPH
|9 70220
|
| 655 |
|
7 |
|a denníky
|2 SNKPH
|9 70534
|
| 655 |
|
7 |
|a Autobiographical stories
|2 SNKPHeng
|9 302869
|
| 655 |
|
7 |
|a Books of travels
|2 SNKPHeng
|9 280380
|
| 655 |
|
7 |
|a Diaries
|2 SNKPHeng
|9 268541
|
| 700 |
1 |
|
|a Božiková, Ivana
|4 trl
|9 256910
|
| 852 |
|
|
|a Slovenská národná knižnica
|
| 919 |
|
|
|a 978-80-222-1723-1
|
| 954 |
|
|
|a beletria cudzojazyčná (svetová)
|2 lita
|
| 958 |
|
|
|a UP
|
| 958 |
|
|
|a LX
|
| 958 |
|
|
|a BC
|
| 968 |
|
|
|b ENG
|
| 999 |
|
|
|c 1046387
|d 1048317
|
| 952 |
|
|
|a SNK
|b SNK
|y VYP
|7 0
|p 17A1583138
|o snkSC 211933 D1
|i snk2025/20000
|8 3
|g 20.90
|0 0
|1 0
|4 0
|d 2025-12-09
|l 0
|r 2026-02-24 14:39:52
|w 2026-02-24
|
| 952 |
|
|
|a SNK
|b SNK
|y PREZ
|7 0
|p 17A1580822
|o snkSC 211933
|i snk2025/15915
|8 0
|0 0
|1 0
|4 0
|d 2025-10-07
|l 0
|r 2026-02-24 14:39:52
|w 2026-02-24
|